| 000 | 02564cam a22005537i 4500 | ||
|---|---|---|---|
| 999 |
_c329095 _d329095 |
||
| 001 | 18931220 | ||
| 003 | Nust | ||
| 005 | 20170424115422.0 | ||
| 008 | 160109s2008 mdub b 001 0 eng | ||
| 010 | _a 2007045423 | ||
| 020 | _a9780739126011 (cloth ; alk. paper) | ||
| 020 | _a0739126016 (cloth ; alk. paper) | ||
| 020 | _z9780739130278 (eISBN) | ||
| 020 | _z0739130277 (eISBN) | ||
| 035 | _a(OCoLC)ocn180577534 | ||
| 040 |
_aDLC _beng _cDLC _dBAKER _dBTCTA _dYDXCP _dC#P _dBWX _dCDX _dTTU _dDKAGE _dGEBAY _dOCLCQ _dBDX _dOCLCF _dOCLCO _dOCLCQ _dDLC |
||
| 042 | _alccopycat | ||
| 043 | _aa-ii--- | ||
| 050 | 0 | 0 |
_aHD1698.I4 _bR39 2008 |
| 082 | 0 | 4 |
_a363.91 RAY _222 |
| 100 | 1 | _aRay, Binayak. | |
| 245 | 1 | 0 |
_aWater : _bthe looming crisis in India / _cBinayak Ray. |
| 264 | 1 |
_aLanham : _bLexington Books, _c[2008] |
|
| 300 |
_axxvii, 231 pages : _bmaps ; _c24 cm. |
||
| 336 |
_atext _btxt _2rdacontent |
||
| 337 |
_aunmediated _bn _2rdamedia |
||
| 338 |
_avolume _bnc _2rdacarrier |
||
| 490 | 1 | _aAsiaWorld | |
| 500 | _aH.B | ||
| 504 | _aIncludes bibliographical references (pages 189-224) and index. | ||
| 505 | 0 | _aThe water environment -- Water policy : an anatomy -- International rivers : global conventions, regulations, and India -- Future demand for water and available options -- The river-linking project -- Environmental perspectives -- Economic and financial perspectives -- Political and governmental perspectives -- Regional perspectives : Bangladesh, Nepal, Pakistan, and China -- Reflections. | |
| 650 | 0 |
_aWater-supply _xGovernment policy _zIndia. |
|
| 650 | 0 |
_aWater resources development _zIndia. |
|
| 650 | 0 |
_aWater resources development _xGovernment policy _zIndia. |
|
| 650 | 0 |
_aWater-supply _zIndia. |
|
| 650 | 7 |
_aWater resources development. _2fast _0(OCoLC)fst01171955 |
|
| 650 | 7 |
_aWater resources development _xGovernment policy. _2fast _0(OCoLC)fst01171988 |
|
| 650 | 7 |
_aWater-supply. _2fast _0(OCoLC)fst01172350 |
|
| 650 | 7 |
_aWater-supply _xGovernment policy. _2fast _0(OCoLC)fst01172381 |
|
| 650 | 0 | 7 |
_aWassernutzung. _2swd |
| 650 | 0 | 7 |
_aWasserreserve. _2swd |
| 651 | 7 |
_aIndia. _2fast _0(OCoLC)fst01210276 |
|
| 651 | 7 |
_aIndien. _2swd |
|
| 651 | 7 |
_aSüdasien. _2swd |
|
| 651 | 7 |
_aChina. _2swd |
|
| 776 | 0 | 8 |
_iOnline version: _aRay, Binayak. _tWater. _dLanham : Lexington Books, ©2008 _w(OCoLC)753429447 |
| 830 | 0 | _aAsiaWorld. | |
| 856 | 4 | 1 |
_3Table of contents _uhttp://catdir.loc.gov/catdir/toc/ecip084/2007045423.html |
| 906 |
_a7 _bcbc _ccopycat _d2 _eepcn _f20 _gy-gencatlg |
||
| 942 |
_2ddc _cBK _k363.91 RAY |
||